000
00274nam a22001217a 4500
008
180212b xxu||||| |||| 00| 0 eng d
041
_a
eng
080
_a
33
100
_a
52
101
_a
EKO
245
_a
The new palgrave general equilibrium
_c
Eatwell,J
942
_2
udc
_c
BK
999
_c
42280
_d
42280